000 00800nam a22002657a 4500
001 BR8003743
003 BR-BrBNA
005 20230928090634.0
007 ta
008 230509b bl.||||| |||| 00| 0 por d
040 _aBR-BrBNA
_bpor
_cBiblioteca Nacional de Agricultura
041 _a(Por)
072 _aE30; F10
_b/G514
090 _ E30 BR8003743
110 1 _aFundacao Estadual de Planejamento Agricola do Rio Grande do Norte, Natal (Brasil)
_94891
245 1 _aSubsidios ao plano de emergencia conta as secas para 1981 [Rio Grande do Norte; Brasil]
260 3 _aNatal, RN (Brasil):
_c1980.
300 _a11 p.
650 _aPolitica agricola
650 _aClimatologia
650 _aSeca
650 _aRio Grande do Norte
909 _a202309
_bLucia
_c55
_dLucia Elande
942 _cBK
999 _c29766
_d29766